000 00391nam a2200145Ia 4500
008 240126s9999 xx 000 0 und d
022 _a0974-8512
041 _aEnglish
082 _aLIBRARY-MBA
245 0 _aASBM Journal of Management (Apr.2009 -
260 _bAsian School of Business Management
_aBhuveshwar
440 _aNULL
650 _aASBM,Management,(Apr.2009,-
942 _cJN
999 _c280340
_d280340